| 000 | 00671nam a2200241 a 4500 | ||
|---|---|---|---|
| 001 | 62298 | ||
| 003 | BD-RjUL | ||
| 005 | 20211209081051.0 | ||
| 008 | 170123s1997 ii 000 1 eng | ||
| 020 | _a8186939008 | ||
| 035 | _a(BD-RjUL)62424 | ||
| 040 |
_aDLC _cDLC _beng _dBD-RjUL |
||
| 041 | _aeng | ||
| 082 |
_223 _a823 _bROG 1997 |
||
| 100 | 1 |
_aRoy, Arundhati. _9185295 |
|
| 245 | 1 | 4 |
_aThe God of Small Things / _cArundhati Roy |
| 260 |
_aNew Delhi, India : _bIndiaInk, _cc1997. |
||
| 300 |
_a339 p. ; _c22 cm. |
||
| 650 |
_aTwins -- Fiction. _9185296 |
||
| 650 |
_aSocial classes _zIndia _xFiction _9233704 |
||
| 651 | 0 |
_aIndia _xFiction. _9185297 |
|
| 942 |
_2ddc _cBK |
||
| 999 |
_c62298 _d62298 |
||